[Event "Sochi IPCA op"]
[Site "Sochi"]
[Date "2022.10.07"]
[Round "6"]
[White "Serebryakov, Sergey"]
[Black "Gedgafov, Chamal"]
[Result "0-1"]
[WhiteElo "1325"]
[BlackElo "2167"]
[PlyCount "92"]
[EventDate "2022.10.03"]
[EventType "swiss"]
[EventRounds "7"]
[EventCountry "RUS"]
[SourceTitle "CBM 210 Extra"]
[Source "ChessBase"]
[SourceDate "2022.11.30"]
[SourceVersion "1"]
[SourceVersionDate "2022.11.30"]
[SourceQuality "1"]

1. d4 Nf6 2. Nf3 c5 3. e3 d6 4. Bd3 g6 5. 0-0 Bg7 6. c4 0-0 7. Nc3 a6 8. b3 Nc6 9. Bb2 Bg4 10. Be2 cxd4 11. exd4 d5 12. Re1 h6 13. Rc1 Rc8 14. c5 Rc7 15. Ne5 Be6 16. Bf3 Bf5 17. a3 g5 18. b4 e6 19. b5 Nxe5 20. dxe5 Nd7 21. bxa6 bxa6 22. Na4 Qb8 23. c6 Nb6 24. Nxb6 Qxb6 25. Bd4 Qa5 26. Rc5 Qxa3 27. Re3 Qa2 28. Rcc3 Rb8 29. Ra3 Qb1 30. Re1 Rxc6 31. h3 Bf8 32. Ra1 Qxd1 33. Rexd1 Bb4 34. Be2 a5 35. Bd3 Bxd3 36. Rxd3 Rbc8 37. h4 gxh4 38. Rh3 Rc1+ 39. Rxc1 Rxc1+ 40. Kh2 a4 41. Rxh4 Rc4 42. g3 a3 43. Ba1 Rxh4+ 44. gxh4 Bd2 45. Kg2 Bc1 46. Kf3 Bb2 0-1